Constitución Política de la República de Panamá: Constitución Política de la República de Panamá de 1972, reformada por los actos reformatorios de 1978 y por el Acto Constitucional de 1983 (Fotocopia)

Uloženo v:
Podrobná bibliografie
Hlavní autor: Fábrega P, Jorge
Korporativní autor: Panamá. Constitución
Médium: Text
Vydáno: Panamá: Editorial Alvarez
Tagy: Přidat tag
Žádné tagy, Buďte první, kdo vytvoří štítek k tomuto záznamu!

MARC

LEADER 00000 a a2200000 04500
001 23591
003
040
090 |a 168500  
100 |a Fábrega P, Jorge  
110 |a Panamá. Constitución  
245 |a Constitución Política de la República de Panamá: Constitución Política de la República de Panamá de 1972, reformada por los actos reformatorios de 1978 y por el Acto Constitucional de 1983 (Fotocopia)  
260 |a Panamá:   |b Editorial Alvarez  
300 |a 161 p.  
999 |c 8350  |d 8350